Paris Saint-Germain Trivia - Statistics

General Stats
  • This quiz has been taken 694 times
    290 since last reset
  • The average score is 11 of 15
Answer Stats
Question Answer % Correct
Who became world football’s most-expensive teenager after joining Paris Saint-Germain permanently from Monaco for £163m in 2018? Kylian Mbappé
96%
Who is Paris Saint-Germain’s record signing, arriving from Barcelona for £198m in 2017? Neymar
95%
Who is Paris Saint-Germain’s record sale, joining Al-Hilal for £77m in 2023? Neymar
95%
Which Uruguayan is Paris Saint-Germain’s all-time record goalscorer with 200? Edinson Cavani
87%
Who is the current captain of Paris Saint-Germain? Marquinhos
83%
Who is the current head coach of Paris Saint-Germain? Luis Enrique
82%
Who was named the 1994 African Footballer of the Year whilst at Paris Saint-Germain, and went on to become his country’s president in 2018? George Weah
81%
With which club does Paris Saint-German contest Le Classique? Marseille
81%
Since 2011, Paris Saint-Germain has been owned by the royal family of which country? Qatar
81%
Who is the only player to win the Ballon d’Or whilst playing for Paris Saint-Germain? Lionel Messi
78%
What is the name of Paris Saint-Germain’s stadium? Parc des Princes
73%
What is Paris Saint-Germain’s nickname? Les {Parisiens}
52%
Who is Paris Saint-Germain’s longest-serving captain? Thiago Silva
52%
Which Frenchman holds the record for most Paris Saint-Germain appearances with 435? Jean-Marc Pilorget
15%
Who scored the only goal of the game as Paris Saint-Germain defeated Rapid Wien 1-0 in the 1996 UEFA Cup Winners’ Cup Final? Bruno Ngotty
10%
No matching quizzes found
Score Distribution
Percent of People with Each Score
Percentile by Number Answered
Your Score History
You have not taken this quiz since the last reset